000 00293nam a22001337a 4500
003 SGT
082 _a658,KEN
100 _aKENNEDY, DUSEN VEN.
245 _aUNIONS, EMPLOYERS AND GOVERNMENT
260 _aBOMBAY
_bMANAKTALAS
_c1996
300 _a227
650 _aMANAGEMENT
942 _2ddc
_cBK
999 _c10364
_d10364